LEADER 00995nam0-2200349-#-450- 001 990001080230203316 005 20020514134957.0 010 $a85-10-22-001 035 $a000108023 035 $aUSA01000108023 035 $a(ALEPH)000108023USA01 035 $a000108023 100 $a20020514d--------km-y0enga50------ba 101 0 $aeng 102 $aUS 105 $ay|||z|||001yy 200 1 $aRelaxations in complex systems$feditors K.L. Ngai and G.B. Wright 210 $aWashington$cNaval research Laboratory$d[s.d.] 215 $aIX, 345 p.$d28 cm 606 0 $aFluidi$xMeccanica 676 $a530.4275 702 1$angai,$bk.l. 702 1$aWRIGHT,$bG.B. 801 0$aIT$bSalbc$cISBD 912 $a990001080230203316 951 $a530.4275 REL$b13963 TEC$c530.4275$d00070057 959 $aBK 969 $aTEC 979 $aCHIARA$b90$c20020514$lUSA01$h1349 979 $aPATRY$b90$c20040406$lUSA01$h1715 996 $aRelaxations in complex systems$9978829 997 $aUNISA